<?xml version="1.0" encoding="UTF-8"?>
<record
    xmlns:xsi="http://www.w3.org/2001/XMLSchema-instance"
    xsi:schemaLocation="http://www.loc.gov/MARC21/slim http://www.loc.gov/standards/marcxml/schema/MARC21slim.xsd"
    xmlns="http://www.loc.gov/MARC21/slim">

  <leader>00599nam a22001937a 4500</leader>
  <datafield tag="999" ind1=" " ind2=" ">
    <subfield code="c">171098</subfield>
    <subfield code="d">171098</subfield>
  </datafield>
  <controlfield tag="005">20200106162200.0</controlfield>
  <datafield tag="010" ind1=" " ind2=" ">
    <subfield code="a">A-80837</subfield>
  </datafield>
  <datafield tag="020" ind1=" " ind2=" ">
    <subfield code="c">12.00</subfield>
    <subfield code="a">-</subfield>
  </datafield>
  <datafield tag="035" ind1=" " ind2=" ">
    <subfield code="a">A-80837</subfield>
  </datafield>
  <datafield tag="037" ind1=" " ind2=" ">
    <subfield code="b">DBAD/PUB</subfield>
    <subfield code="a">-</subfield>
  </datafield>
  <datafield tag="082" ind1=" " ind2=" ">
    <subfield code="a">841</subfield>
  </datafield>
  <datafield tag="100" ind1=" " ind2=" ">
    <subfield code="a">&#x62D;&#x627; &#x645;&#x62F; &#x633;&#x639;&#x64A;&#x62F; &#x62E;&#x627; &#x646; </subfield>
  </datafield>
  <datafield tag="245" ind1=" " ind2=" ">
    <subfield code="a">&#x6A9;&#x644;&#x627; &#x645; &#x62D;&#x627; &#x645;&#x62F; </subfield>
    <subfield code="c">&#x62D;&#x627; &#x645;&#x62F; &#x633;&#x639;&#x64A;&#x62F; &#x62E;&#x627; &#x646;  </subfield>
  </datafield>
  <datafield tag="246" ind1=" " ind2=" ">
    <subfield code="b">Kalam Hameed (Urdu)</subfield>
    <subfield code="a">by Hamid Saeed Khan </subfield>
  </datafield>
  <datafield tag="260" ind1=" " ind2=" ">
    <subfield code="a">Bhoopal </subfield>
    <subfield code="b">Madhya Pardesh Urdu Academy</subfield>
    <subfield code="c">1981 &#x621;</subfield>
  </datafield>
  <datafield tag="270" ind1=" " ind2=" ">
    <subfield code="a">186/3,Profecers Colony,</subfield>
    <subfield code="b">Bhoopal </subfield>
    <subfield code="e">462002</subfield>
    <subfield code="k">-</subfield>
    <subfield code="l">-</subfield>
  </datafield>
  <datafield tag="300" ind1=" " ind2=" ">
    <subfield code="a">112 &#x635; </subfield>
    <subfield code="c">22 Cm(Hb)</subfield>
  </datafield>
  <datafield tag="942" ind1=" " ind2=" ">
    <subfield code="2">ddc</subfield>
    <subfield code="c">UR</subfield>
    <subfield code="h">841</subfield>
    <subfield code="m">&#x62D; &#x627; &#x645; </subfield>
  </datafield>
  <datafield tag="952" ind1=" " ind2=" ">
    <subfield code="0">0</subfield>
    <subfield code="1">0</subfield>
    <subfield code="4">0</subfield>
    <subfield code="7">0</subfield>
    <subfield code="8">NFIC</subfield>
    <subfield code="a">L</subfield>
    <subfield code="b">L</subfield>
    <subfield code="d">2020-01-06</subfield>
    <subfield code="e">BPPD/Ven.</subfield>
    <subfield code="g">12.00</subfield>
    <subfield code="l">0</subfield>
    <subfield code="o">841 &#x62D; &#x627; &#x645;</subfield>
    <subfield code="p">A-80837</subfield>
    <subfield code="r">2020-01-06 00:00:00</subfield>
    <subfield code="t">1</subfield>
    <subfield code="v">12.00</subfield>
    <subfield code="w">2020-01-06</subfield>
    <subfield code="y">UR</subfield>
  </datafield>
</record>
